Punchline - Tiakola - Statistiques

Statistiques générales
  • Ce quiz a été pris 168 fois
  • Le résultat moyen est 10 sur 15
Statistiques - réponses
Punchline Morceau % Correct
C'est pas des blases qu'on veut Ils disent c'qu'ils veulent, nous-mêmes, on sait c'qu'on vise Igo, j'sais c'qu'il m'reste à faire, igo, j'sais c'qu'il m'reste à faire Si j'savais
82%
Et j'ai tant redouté ce moment J'y peux rien car maintenant, on y est, mais tu peux plus reculer D'vant les keufs, le seul truc qu'il faut faire, c'est nier La clé
81%
Malgré les cernes, malgré les sommes, j'dois faire les sommes Remplir des salles, refaire du sale, refaire du son Sur les bleus, ça verse l'essence, ça a même pas commencé, ça veut tirer sur mon sort M3lo
80%
La vue sur Panama À l'abri, j'suis l'étoile mama Grandi sur le macadam, j'suis LV pour le sac à main Soza
76%
Eh, mais comment y a des lumières à la base on brillait que dans l'noir Viens voir la vie en vrai, de plus près, c'est pas la fête en vrai coucher de soleil
75%
Les valeurs passent avant la hype La valise passe devant la douane Ne jamais brûler les étapes, surtout, quand on connaît son toit Parapluie
75%
Ça casse à six heures, pas à sept Quatre sorties de pot, j'suis dans l'seize, faut mettre les dièses avant l'07 C'est qui les opps? Qui veut s'faire crosser? Gasolina
73%
Quand j'traînais en bas de la zone, on m'voyait en mauvais Elle veut le côté sombre, pas les mélodies de Mozart Pona nini
73%
Pourquoi le même jour, j'suis heureux et triste? Pour noyer ma peine, j'sors le quatre roues motrices Toujours se méfier de l'eau qui dort, celle que tu voyais bien finit matérialiste T.I.A
69%
Assez d'attente, file-nous l'enveloppe J'ai des affaires qui m'attendent à sept-huit heures de vol, eh Meridian
65%
Tic-tac, millions d'euros, tic-tac, diamants, Rolex, tic-tac, charbon, j'suis frais, tic-tac Elle veut qu'on s'capte car elle aime pas que j'lui dise "j'te rappelle" Tu me demandes c'que j'ai eu, c'est la rue qui m'a laissé ces séquelles Fleurs
51%
On vit, on dort la noche Parfois, on est dans l'mal mais Y a que Dieu pour nous sauver Meuda
46%
À tous les coups, on mange, on laisse jamais le reste Ils veulent nous salir pour qu'les humains nous détestent Mode AV
46%
J'fais les comptes, j'fais les comptes, en même temps, j'regarde qui est bon Fais du bien, fais du bon, sans qu'ils nous prennent même pour des cons Tout s'passe dans les backstages, on a vu, bénéf' goût flatteur, c'est des fous Quand j'y repense
36%
On pull up, pull up ta caisse, celui qui s'marave, n'a pas de chance T'aimes bien réveiller la bête, les bruits des orages et des tempêtes Mapessa
35%
Aucun quiz correspondant
Distribution des résultats
% des personnes avec chaque résultat
Percentile par nombre de réponses
Votre historique - résultats
Vous n’avez pas pris ce quiz